Gaming Quiz

Random Gaming Quiz
Score 0/9 Timer 05:00
0 Plays Today
Question Answer % Correct
The Protectorate of Menoth obtained most of their original warjack components from which nation?Khador
83.6%
Legion of Everblight gain most of its warriors from which elven nation?Nyss
82.2%
What is the trollkin name for tribes?Kriels
61.6%
Circle of Orboros draw their power from what great creature?The Devourer Wurm
58.9%
Cryx modeled thier original blackships after which nation?Orgoth
56.2%
The souls of Great Skorne Champions fight on in which form?Immortals
47.9%
What was the original empire of the elves?Lyoss
26%
Who is the owner of Engines East?Gamak Redhammer
5.5%
The Great Khadoran War Room resides in Which palace in Korsk?Stasikov
5.5%
Remove Ads.
Support Sporcle.
Get the best of Sporcle when you Go Orange. This ad-free experience offers more features, more stats, and more fun while also helping to support Sporcle. Thank you for becoming a member.

You're not logged in!

Compare scores with friends on all Sporcle quizzes.
OR
Log In

Show Comments

Extras

Created Oct 21, 2010ReportNominate

Top Quizzes Today


Score Distribution

Your Account Isn't Verified!

In order to create a playlist on Sporcle, you need to verify the email address you used during registration. Go to your Sporcle Settings to finish the process.

Report this User

Report this user for behavior that violates our Community Guidelines.

Details: